00633nam a22001577a 4500003000600000005001700006008004100023040000800064082001300072100001600085245003300101260004900134300002700183505025100210650001400461GBCCL20241126110628.0180810b ||||| |||| 00| 0 eng d cGBC a234bDAV aDavis, T G  aSaved and certaincT G Davis aNashville, Tenn. : bBroadman Press, c1955. axii, 104 pages ; 19 cm aOne of the unfortunate weaknesses among Christians is the lack of knowledge about the great doctrines in the Bible. This book sets forth in clear and easily understood terms some of the teachings that are the basis for Christian hope and conduct. aSalvation